Văn học 1975 - 1985 : Tác phẩm và dư luận

Sách tập trung những phản ánh dư luận báo chí về những tác phẩm văn học (văn xuôi và thơ) đáng kể nhất đã được công bố trong khoảng thời gian 1975 - 1985. Nội dung sách được chia thành từng chương, mỗi chương dành cho một tác phẩm, xếp...

全面介绍

Đã lưu trong:
书目详细资料
格式: 图书
语言:Undetermined
出版: Hà Nội Hội Nhà Văn 1997
主题:
标签: 添加标签
没有标签, 成为第一个标记此记录!
Thư viện lưu trữ: Trung tâm Học liệu Trường Đại học Cần Thơ
LEADER 01435nam a2200217Ia 4500
001 CTU_22470
008 210402s9999 xx 000 0 und d
082 |a 809 
082 |b V115 
245 0 |a Văn học 1975 - 1985 : 
245 0 |b Tác phẩm và dư luận 
245 0 |c Vân Trang, Bảo Hưng, Ngô Hoàng sưu tầm và biên soạn 
260 |a Hà Nội 
260 |b Hội Nhà Văn 
260 |c 1997 
520 |a Sách tập trung những phản ánh dư luận báo chí về những tác phẩm văn học (văn xuôi và thơ) đáng kể nhất đã được công bố trong khoảng thời gian 1975 - 1985. Nội dung sách được chia thành từng chương, mỗi chương dành cho một tác phẩm, xếp theo thứ tự thời gian ấn hành lần đầu của xuất bản phẩm. Mỗi chương đều có một thư mục các bài báo hoặc cuốn sách đề cập đến tác phẩm, sau đó là trích đoạn một số bài vở nhằm phản ánh những nhận định, đánh giá, thảo luận hoặc tranh luận xung quanh tác phẩm. 
650 |a Vietnamese literature 
650 |x History and criticism 
650 |y 20th century 
904 |i Trọng Hải 
980 |a Trung tâm Học liệu Trường Đại học Cần Thơ